The effect of home range reduction on the ecology of red howler monkeys in central amazonia (Registro nro. 5454)

Detalles MARC
000 -CABECERA
Campo de control 01000nam a2200241 a 4500
005 - FECHA Y HORA DE LA ULTIMA TRANSACCION
Campo de control 20180214144657.0
008 - ELEMENTOS DE LONGITUD FIJA—INFORMACION GENERAL
Campo de control 171014s2004 -ukad|||r|||| 00| 0 eng d
040 ## - FUENTE DE CATALOGACIÓN
Agencia catalogadora original CO-BoIAVH
Agencia transcriptora CO-BoIAVH
041 0# - IDIOMA
Código de idioma para texto/pista de sonido o título separado Inglés
044 ## - PAÍS DE PUBLICACIÓN
País de publicación Reino Unido
082 04 - NUMERO DE CLASIFICACION DECIMAL DEWEY
Número de clasificación 333.95417
Número del ítem S23e
100 1# - ASIENTO PRINCIPAL--NOMBRE PERSONAL
Nombre personal Santamaría-Gómez, Marcela
Término relacionado autora
9 (RLIN) 2032
245 10 - MENCION DE TITULO
Título The effect of home range reduction on the ecology of red howler monkeys in central amazonia
260 ## - PUBLICACION, DISTRIBUCION, ETC. (PIE DE IMPRENTA)
Lugar de publicación, distribución, etc. Cambridge :
Nombre del editor, distribuidor, etc. Wildlife Research Group ;
-- University of Cambridge,
Fecha de publicación, distribución, etc. 2004.
300 ## - DESCRIPCION FISICA
Extensión 229 páginas :
Otros detalles físicos ilustraciones y gráficas ;
Dimensiones 21 x 15 cm.
502 ## - NOTA DE TESIS
Nota de tesis Thesis Ph.D. University of Cambridge
650 14 - ASIENTO SECUNDARIO DE MATERIA - TERMINO TEMATICO
Término temático o nombre geográfico como elemento de entrada Mono aullador rojo
Subdivisión general Domesticación de animales
Subdivisión geográfica Amazonas (Región)
9 (RLIN) 89760
650 24 - ASIENTO SECUNDARIO DE MATERIA - TERMINO TEMATICO
Término temático o nombre geográfico como elemento de entrada Mono aullador rojo
Subdivisión general Ecología
Subdivisión geográfica Amazonas (Región)
9 (RLIN) 89761
650 26 - ASIENTO SECUNDARIO DE MATERIA - TERMINO TEMATICO
Término temático o nombre geográfico como elemento de entrada Mono aullador rojo
Subdivisión general Protección animal
Subdivisión geográfica Amazonas (Región)
9 (RLIN) 89762
662 ## - ASIENTO SECUNDARIO DE MATERIA - JERARQUIA DEL NOMBRE DE LUGAR(
Jurisdicción política intermedia Amazonía
856 ## - LOCALIZACION Y ACCESO ELECTRONICOS
Identificador Uniforme del Recurso http://ethos.bl.uk/OrderDetails.do?uin=uk.bl.ethos.614898
942 ## - ELEMENTOS ADICIONALES (KOHA)
Tipo de ítem Libro
Sistema de clasificación Dewey Decimal Classification
Existencias
Withdrawn status Lost status Sistema de Clasificación Damaged status No para préstamo Colección Inventariado Ubicación Permanente Ubicación actual Fecha de adquisición Fuente de Valor Valor Total Checkouts Número topográfico Inventario / Código de Barras Date last seen Ejemplar Price effective from Forma de adquisición Tipo de material Public note
    Dewey Decimal Classification     General Inventariado 2017 Sala Fabio Quevedo Sala Fabio Quevedo 28/02/2007 Instituto 30000.00   LB-333.95417 S23e 023973 04/12/2012 Ej.1 04/12/2012 Donación Libro Disponible en fotocopia, solo para consulta en sala.